书目信息 |
| 题名: |
林业补贴政策比较研究
|
|
| 作者: | 吴柏海 , 曾以禹 编著 | |
| 分册: | ||
| 出版信息: | 北京 中国林业出版社 2014 |
|
| 页数: | 114页 | |
| 开本: | 26cm | |
| 丛书名: | ||
| 单 册: | ||
| 中图分类: | F811.0 | |
| 科图分类: | ||
| 主题词: | 林业--政府补贴--财政政策--对比研究--世界 , 林业 , 政府补贴 , 财政政策 | |
| 电子资源: | ||
| ISBN: | 978-7-5038-7596-0 | |
| 000 | 00906nam0 2200277 450 | |
| 001 | 012015000184 | |
| 005 | 20150914151227.10 | |
| 010 | @a978-7-5038-7596-0@dCNY30.00 | |
| 100 | @a20141222d2014 em y0chiy50 ea | |
| 101 | 0 | @achi |
| 102 | @aCN@b110000 | |
| 105 | @ay z 000yy | |
| 106 | @ar | |
| 200 | 1 | @a林业补贴政策比较研究@9lin ye bu tie zheng ce bi jiao yan jiu@e基于发达国家林业补贴政策框架和工具的比较研究@f吴柏海,曾以禹编著 |
| 210 | @a北京@c中国林业出版社@d2014 | |
| 215 | @a114页@d26cm | |
| 330 | @a本书内容包括:林业补贴政策的理论研究,林业补贴政策和实践的国别考察,林业补贴的经验与启示。 | |
| 606 | 0 | @a林业@x政府补贴@x财政政策@x对比研究@y世界 |
| 606 | 0 | @a林业 |
| 606 | 0 | @a政府补贴 |
| 606 | 0 | @a财政政策 |
| 690 | @aF811.0@v5 | |
| 701 | 0 | @a吴柏海@9wu bai hai@4编著 |
| 701 | 0 | @a曾以禹@9zeng yi yu@4编著 |
| 801 | 0 | @aCN@b碧洲教育@c20150716 |
| 905 | @a10447@f4@dF811.0@e74 | |
| 林业补贴政策比较研究:基于发达国家林业补贴政策框架和工具的比较研究/吴柏海,曾以禹编著.-北京:中国林业出版社,2014 |
| 114页;26cm |
| ISBN 978-7-5038-7596-0:CNY30.00 |
| 本书内容包括:林业补贴政策的理论研究,林业补贴政策和实践的国别考察,林业补贴的经验与启示。 |
| ● |
| 相关链接 |
|
|
|
|
正题名:林业补贴政策比较研究
索取号:F811.0/74
 
预约/预借
| 序号 | 登录号 | 条形码 | 馆藏地/架位号 | 状态 | 备注 |
| 1 | 0870344 | 208703447 | 第一样本阅览室/ [索取号:F811.0/74] | 在馆 | |
| 2 | 0870345 | 208703456 | 第一借阅区/ [索取号:F811.0/74] | 在馆 | |
| 3 | 0870346 | 208703465 | 第一借阅区/ [索取号:F811.0/74] | 在馆 | |
| 4 | 0870347 | 208703474 | 第一借阅区/ [索取号:F811.0/74] | 在馆 |